1623 1962 1752 1202 1086 1239 1748 1725 1514 1916 1956 1229 1084 1141 1117 1156 1858 1821 1368 1046 1261 1282 1929 1583 1890 1914 1537 1301 1420 1346 1165 1277 1619 1631 1120 1441 1964 1391 1730 1335 1472 1463 1391 1632 1207 1348 1480 1395 1723 1086 1704 1225 1249 1559 1591 1598 1142 1073 1826 1344 1683 1406 1318 1261 1826 1885 1875 1196 1727 1103 1648 1380 1762 1323 1158 1621 1360 1002 1827 1720 1613 1181 1715 1612 1132 1758 1415 1570 1591 1764 1561 1590 1410 1600 1858 1890 1925 1958 1449 BCNSPRNW ULIB Ver.6.0+V

เปลี่ยนเป็นภาษาไทย

Change to English
 แสดงรายละเอียดบรรณานุกรม
  กลับหน้าหลัก

Brief Record : Get Marc (ISO 2709) : E-mail record : QR code < ปิดหน้าต่าง
LEADER : 00000nas 2200000uu 4500
001    13399126864
003     ULIB
008    190625s2561||||th 000 0 tha d
022 0  ^a26730723
110 1  ^aวิทยาลัยพยาบาลบรมราชชนนี สรรพสิทธิประสงค์
245 00 ^aวารสารวิทยาศาสตร์สุขภาพวิทยาลัยพยาบาลบรมราชชนนี สรรพสิทธิประสงค์^bวิทยาลัยพยาบาลบรมราชชนนี สรรพสิทธิประสงค์
260    ^aอุบลราชธานี : ^bวิทยาลัยพยาบาลบรมราชชนนี สรรพสิทธิประสงค์,^c2561
310    ^aรายสี่เดือน
850 ^a ULIB^bปีที่ 2 ฉบับที่ 2 ฉ.1 ;ปีที่ 3 ฉบับที่ 1 ฉ.1 ;ปีที่ 2 ฉบับที่ 3 ฉ.1 ;ปีที่ 2 ฉบับที่ 1 ฉ.1 ;ปีที่ 3 ฉบับที่ 2 ฉ.1 ;ปีที่ 3 ฉบับที่ 3 ฉ.1
856    ^aULIB^bปีที่ 2 ฉบับที่ 1 ฉ.1
945    ^p0^l0^i905280
945    ^p0^l0^i905282
945    ^p0^l0^i905281
945    ^p0^l0^i905279
945    ^p0^l0^i905518
945    ^p0^l0^i905519
999    ^aประนอม เกษจรัล
รายการนี้ยังไม่มีแท็ก
คุณยังไม่ได้ล็อกอิน คุณสามารถมีกิจกรรมร่วมกับเว็บไซต์ได้ แต่ต้องล็อกอินก่อน ::
  ล็อกอิน

รายการสื่อสารสนเทศ (วารสาร)

ดูแบบ: กล่อง รายการ
ARRIVED
ปีที่ 2 ฉบับที่ 1 ฉ.1
สถานที่: ห้องสมุดวิทยาเขตสวรรค์ประชารักษ์ >วารสาร
ARRIVED
ปีที่ 2 ฉบับที่ 2 ฉ.1
สถานที่: ห้องสมุดวิทยาเขตสวรรค์ประชารักษ์ >วารสาร
ARRIVED
ปีที่ 2 ฉบับที่ 3 ฉ.1
สถานที่: ห้องสมุดวิทยาเขตสวรรค์ประชารักษ์ >วารสาร
ARRIVED
ปีที่ 3 ฉบับที่ 1 ฉ.1
สถานที่: ห้องสมุดวิทยาเขตสวรรค์ประชารักษ์ >วารสาร
ARRIVED
ปีที่ 3 ฉบับที่ 2 ฉ.1
สถานที่: ห้องสมุดวิทยาเขตสวรรค์ประชารักษ์ >วารสาร
ARRIVED
ปีที่ 3 ฉบับที่ 3 ฉ.1
สถานที่: ห้องสมุดวิทยาเขตสวรรค์ประชารักษ์ >วารสาร

BibComment


ยังไม่เคยถูกคอมเมนท์

คอมเมนท์ทรัพยากรรายการนี้
  คอมเมนท์: วารสารวิทยาศาสตร..


 Copyright 2026. Bcnsprnw @Library